| 000 | 00608nam a22001697a 4500 | ||
|---|---|---|---|
| 005 | 20220627135457.0 | ||
| 008 | 220624s2020 mx a|||fr|||| 001 0 spa d | ||
| 040 | _cCHAP | ||
| 082 |
_a582.1097244 _bG21 |
||
| 100 | 0 |
_946638 _aGarcía Sánchez, Felicidad |
|
| 245 | _aARBUSTOS de las áreas naturales protegidas de la Sierra de Álvarez San Luis Potosí | ||
| 650 | 0 |
_9185174 _aArbustos _xIdentificación _zSan Luis Potosí |
|
| 650 | 4 |
_96879 _aAreas protegidas _zSan Luis Potosí |
|
| 650 | 0 |
_9185175 _aArbustos _xVariedades _xDescripción |
|
| 700 | 0 |
_93029 _aAguirre Rivera, Juan Rogelio |
|
| 942 |
_2ddc _cLIBRO |
||
| 999 |
_c217296 _d217296 |
||